00692nam a2200229 a 4500001001300000003000900013005001700022008004100039020002300080082001600103100002700119245004000146260004200186300000900228500003500237505001300272650001600285902000800301942000700309952012900316999001700445nice12345678IN_TiNIC20260116014231.0070403s2005 newa grp 000 0 eng  a8188273945 c25000a297.7bTHA5 aThanvi, S M Ashraf Ali aWisdom Behind the Commands of Islam aNew Delhi bMillat Book Centre c2005 a424p aincludes index and biblioraphy2 aglossary aDawah-Islam bSRS cBK 001040708StackRoom-aHMIbHMId2007-12-31g250.00l1o297.7 THA5p021772r2018-10-15s2018-10-11v250.00w2007-04-03yBK c14445d14445